Coding the Matrix: Linear Algebra through applications to Computer Science

Saved in:
Bibliografiske detaljer
Hovedforfatter: Klein, Philip N (Author)
Format: Bog
Sprog:engelsk
Udgivet: Providence Newtonian Press 2013
Udgivelse:1a. ed
Fag:
Tags: Tilføj Tag
Ingen Tags, Vær først til at tagge denne postø!

MARC

LEADER 00000cam a2200000 a 4500
001 UCD4829
003 CL-VaPUC
008 160722e20130000us |||||||||||||||||eng|d
020 |a 9780615880990 
082 0 4 |a 512.5  |b KLE  |2 21 
100 0 |a Klein, Philip N  |e author  |9 588552 
245 1 0 |a Coding the Matrix: Linear Algebra through applications to Computer Science 
250 |a 1a. ed 
300 |a 530 p 
942 |c BK 
945 |d 20160722 23:21:00  |a dcastane 
260 |a Providence  |b Newtonian Press  |c 2013 
650 0 |a Álgebra lineal   |9 260445 
650 0 |a Espacios vectoriales   |9 21 
650 0 |a Ecuaciones lineales   |9 342219 
650 0 |a Matrices   |9 22 
583 |a last modification  |c 20160722 23:21:00  |k Rodrigo Vera 
999 |c 365658  |d 365656 
952 |0 0  |1 0  |3 erb  |4 0  |6 512_500000000000000_KLE_2013  |7 0  |8 A  |9 479561  |a BIBMAT  |b BIBMAT  |i 529911K  |o 512.5 KLE 2013  |p 529911K  |r 2025-01-07  |w 2019-11-24  |y BK  |z Catalogado en:20160722  |k MAT